La prescripción tributaria y el delito fiscal (Registro nro. 159129)

Detalles MARC
000 -LEADER
fixed length control field 01242ny a22003013n 4500
008 - FIXED-LENGTH DATA ELEMENTS--GENERAL INFORMATION
fixed length control field 041215s2005 sp | o||| ||spa
016 7# -
-- bimoBNE20041132849
-- SpMaBN
035 ## -
-- 644
040 ## - CATALOGING SOURCE
Original cataloging agency SpMaBN
Transcribing agency SpMaBN
Modifying agency vLex
080 ## -
-- 336.225.68:351.713(460)
080 ## -
-- 343.359(460)
090 ## -
-- 606
-- 606
100 1# - MAIN ENTRY--PERSONAL NAME
Personal name Ruiz Rescalvo, Pilar
245 13 - TITLE STATEMENT
Title La prescripción tributaria y el delito fiscal
Medium [Recurso electrónico]
Statement of responsibility, etc María del Pilar Ruiz Rescalvo ; prólogo de Ramón Falcón y Tella
256 ## -
-- Servicio en línea
260 ## - PUBLICATION, DISTRIBUTION, ETC. (IMPRINT)
Place of publication, distribution, etc Madrid :
Name of publisher, distributor, etc Dykinson,
Date of publication, distribution, etc 2005
300 ## - PHYSICAL DESCRIPTION
Extent p. ;
Dimensions cm
506 1# - RESTRICTIONS ON ACCESS NOTE
Terms governing access Contenido solo disponible en los productos indicados
Authorized users vLex Global
-- vLex Global (Academic Edition, excluding Law Schools)
-- vLex Global (U.S. Academic Edition, Law Schools)
-- vLex Global (U.S. Academic Edition, excluding Law Schools)
-- vLex Global (Academic Edition, Law Schools)
650 07 - SUBJECT ADDED ENTRY--TOPICAL TERM
Topical term or geographic name as entry element Tributario
Source of heading or term Tesauro vLex
650 07 - SUBJECT ADDED ENTRY--TOPICAL TERM
Topical term or geographic name as entry element Penal
Source of heading or term Tesauro vLex
650 07 - SUBJECT ADDED ENTRY--TOPICAL TERM
Topical term or geographic name as entry element Delito
Source of heading or term Tesauro vLex
650 07 - SUBJECT ADDED ENTRY--TOPICAL TERM
Topical term or geographic name as entry element Delitos
Source of heading or term Tesauro vLex
650 07 - SUBJECT ADDED ENTRY--TOPICAL TERM
Topical term or geographic name as entry element Derecho tributario
Source of heading or term Tesauro vLex
740 0# -
-- vLex Libros (Servicios en línea)
856 40 - LOCALIZACIÓN Y ACCESO ELECTRÓNICO
Identificador Uniforme del Recurso (URI/URL) https://app.vlex.com/#/sources/644
942 ## -
-- RAA
999 ## -
-- 159129
-- 159129

No hay ítems disponibles.


CONTACTO


NOSOTROS


SITIOS DE INTERES

coordinacion.biblioteca.biblioteca@unienlinea.mx Misión, Visión y Objetivos Bases de datos
Directorio Bibliotecas Digitales y Repositorios
Normatividad Revistas y artículos
Convenios interbibliotecarios
Boletines



Hecho en México. Universidad Insurgentes (UIN). Todos los derechos reservados 2024. Esta página y sus contenidos pueden ser reproducidos con fines no lucrativos, siempre y cuando no se mutile, se cite la fuente completa y su dirección electrónicas. De otra forma requiere permiso previo por escrito de la institución




2024 Copyright Universidad Insurgentes | www.bibliouin.com.mx